[Event "Королевский Гамбит. Южный Федеральный округ."]
[Date "2025-11-21"]
[Round "1.5"]
[Board "5"]
[White "Гончаров Дмитрий"]
[WhiteElo "1000"]
[Black "Семено Андрей"]
[BlackElo "1000"]
[WebSite "https://www.chessopen.ru"]
[GameId "c2b5f7ed-96db-4fd7-b4f9-7db4f29bb671"]
[Result "0-1"]

1. e4 { [%clk 0:09:54] } d5 { [%clk 0:09:59] } 2. exd5 { [%clk 0:09:36] } Qxd5
{ [%clk 0:10:02] } 3. Nc3 { [%clk 0:09:37] } Qa5 { [%clk 0:10:04] } 4. Nf3 {
[%clk 0:09:38] } Nf6 { [%clk 0:10:05] } 5. d4 { [%clk 0:09:39] } c6 { [%clk
0:10:06] } 6. Bf4 { [%clk 0:09:40] } Bf5 { [%clk 0:10:05] } 7. Bd3 { [%clk
0:09:39] } Bg4 { [%clk 0:10:04] } 8. Be2 { [%clk 0:09:34] } h6 { [%clk 0:10:03]
} 9. h3 { [%clk 0:09:34] } Bf5 { [%clk 0:10:01] } 10. Bd3 { [%clk 0:09:35] }
Bxd3 { [%clk 0:10:00] } 11. Qxd3 { [%clk 0:09:38] } Nbd7 { [%clk 0:10:01] } 12.
O-O { [%clk 0:09:37] } e6 { [%clk 0:10:02] } 13. a3 { [%clk 0:09:35] } Be7 {
[%clk 0:09:59] } 14. Rfe1 { [%clk 0:09:29] } O-O { [%clk 0:09:58] } 15. Ne5 {
[%clk 0:09:26] } Nxe5 { [%clk 0:09:57] } 16. dxe5 { [%clk 0:09:28] } Nd5 {
[%clk 0:09:54] } 17. Nxd5 { [%clk 0:09:28] } Qxd5 { [%clk 0:09:51] } 18. Qxd5 {
[%clk 0:09:28] } cxd5 { [%clk 0:09:54] } 19. Bd2 { [%clk 0:09:27] } Rac8 {
[%clk 0:09:55] } 20. c3 { [%clk 0:09:26] } a6 { [%clk 0:09:55] } 21. f4 { [%clk
0:09:26] } b5 { [%clk 0:09:54] } 22. b3 { [%clk 0:09:27] } Rc6 { [%clk 0:09:54]
} 23. Kf2 { [%clk 0:09:23] } Rfc8 { [%clk 0:09:41] } 24. Re3 { [%clk 0:09:22] }
Bc5 { [%clk 0:09:40] } 25. Rc1 { [%clk 0:09:20] } Bxe3+ { [%clk 0:09:42] } 26.
Kxe3 { [%clk 0:09:21] } g5 { [%clk 0:09:42] } 27. fxg5 { [%clk 0:09:20] } hxg5
{ [%clk 0:09:44] } 28. Kd4 { [%clk 0:09:21] } a5 { [%clk 0:09:38] } 29. Bxg5 {
[%clk 0:09:20] } b4 { [%clk 0:09:37] } 30. axb4 { [%clk 0:09:21] } axb4 { [%clk
0:09:39] } 31. Bd2 { [%clk 0:09:21] } bxc3 { [%clk 0:09:40] } 32. Rxc3 { [%clk
0:09:22] } Rxc3 { [%clk 0:09:41] } 33. Bxc3 { [%clk 0:09:24] } Kh7 { [%clk
0:09:42] } 34. Bd2 { [%clk 0:09:22] } Kg6 { [%clk 0:09:44] } 35. g4 { [%clk
0:09:22] } Rc2 { [%clk 0:09:42] } 36. Kd3 { [%clk 0:09:17] } Rc8 { [%clk
0:09:38] } 37. h4 { [%clk 0:09:14] } f6 { [%clk 0:09:20] } 38. h5+ { [%clk
0:09:08] } Kf7 { [%clk 0:09:19] } 39. Kd4 { [%clk 0:09:07] } Rg8 { [%clk
0:09:15] } 40. exf6 { [%clk 0:09:02] } Rxg4+ { [%clk 0:09:11] } 41. Ke5 { [%clk
0:08:55] } Re4+ { [%clk 0:09:13] } 42. Kd6 { [%clk 0:08:56] } Kxf6 { [%clk
0:09:14] } 43. h6 { [%clk 0:08:57] } Kg6 { [%clk 0:09:13] } 44. b4 { [%clk
0:08:57] } Re2 { [%clk 0:09:12] } 45. Bc1 { [%clk 0:08:53] } d4 { [%clk
0:08:55] } 46. b5 { [%clk 0:08:45] } d3 { [%clk 0:08:56] } 47. b6 { [%clk
0:08:43] } d2 { [%clk 0:08:57] } 48. Bxd2 { [%clk 0:08:41] } Rxd2+ { [%clk
0:09:00] } 49. Kc6 { [%clk 0:08:37] } Rb2 { [%clk 0:08:47] } 50. b7 { [%clk
0:08:27] } e5 { [%clk 0:08:48] } 51. Kd5 { [%clk 0:08:25] } e4 { [%clk 0:08:34]
} 52. Kxe4 { [%clk 0:08:27] } Rxb7 { [%clk 0:08:36] } 53. Ke5 { [%clk 0:08:25]
} Kxh6 { [%clk 0:08:37] } 54. Kd5 { [%clk 0:08:26] } Rb4 { [%clk 0:08:37] } 55.
Ke5 { [%clk 0:08:28] } Kg5 { [%clk 0:08:37] } 56. Kd5 { [%clk 0:08:28] } Kf4 {
[%clk 0:08:39] } 57. Kc5 { [%clk 0:08:29] } Ra4 { [%clk 0:08:40] } 58. Kd5 {
[%clk 0:08:30] } Ke3 { [%clk 0:08:41] } 59. Kc5 { [%clk 0:08:30] } Kd3 { [%clk
0:08:43] } 60. Kb5 { [%clk 0:08:31] } Rh4 { [%clk 0:08:44] } 61. Kc5 { [%clk
0:08:32] } Rg4 { [%clk 0:08:45] } 62. Kd6 { [%clk 0:08:29] } Rg5 { [%clk
0:08:46] } 63. Ke6 { [%clk 0:08:30] } Ke4 { [%clk 0:08:48] } 64. Kf6 { [%clk
0:08:31] } Ra5 { [%clk 0:08:49] } 65. Kg6 { [%clk 0:08:30] } Kf4 { [%clk
0:08:50] } 66. Kf6 { [%clk 0:08:29] } Ra6+ { [%clk 0:08:52] } 67. Ke7 { [%clk
0:08:31] } Ke5 { [%clk 0:08:53] } 68. Kd7 { [%clk 0:08:32] } Kd5 { [%clk
0:08:55] } 69. Kc7 { [%clk 0:08:34] } Kc5 { [%clk 0:08:57] } 70. Kb7 { [%clk
0:08:35] } Rh6 { [%clk 0:08:58] } 71. Ka7 { [%clk 0:08:34] } Kb5 { [%clk
0:08:59] } 72. Ka8 { [%clk 0:08:36] } Rh7 { [%clk 0:09:01] } 73. Kb8 { [%clk
0:08:36] } Kc6 { [%clk 0:09:01] } 74. Ka8 { [%clk 0:08:36] } Kb6 { [%clk
0:09:00] } 75. Kb8 { [%clk 0:08:38] } Rh8# { [%clk 0:09:01] } 0-1

[Event "Королевский Гамбит. Южный Федеральный округ."]
[Date "2025-11-21"]
[Round "1.5"]
[Board "5"]
[White "Гусаков Тимофей"]
[WhiteElo "1000"]
[Black "Харлов Егор"]
[BlackElo "1000"]
[WebSite "https://www.chessopen.ru"]
[GameId "a3e29864-32ac-48a0-ad09-d4935d5a8ca6"]
[Result "0-1"]

1. e4 { [%clk 0:09:59] } e5 { [%clk 0:09:57] } 2. Nf3 { [%clk 0:09:54] } Nc6 {
[%clk 0:09:57] } 3. Nc3 { [%clk 0:09:54] } Nf6 { [%clk 0:09:54] } 4. Bd3 {
[%clk 0:09:47] } Bb4 { [%clk 0:09:53] } 5. O-O { [%clk 0:09:46] } O-O { [%clk
0:09:42] } 6. Nd5 { [%clk 0:09:42] } Nxd5 { [%clk 0:09:27] } 7. exd5 { [%clk
0:09:42] } Nd4 { [%clk 0:09:26] } 8. Nxe5 { [%clk 0:09:34] } Bd6 { [%clk
0:09:22] } 9. Re1 { [%clk 0:09:34] } Bxe5 { [%clk 0:09:21] } 10. Rxe5 { [%clk
0:09:33] } d6 { [%clk 0:09:21] } 11. Rh5 { [%clk 0:09:19] } g6 { [%clk 0:09:10]
} 12. Rh4 { [%clk 0:09:16] } Qxh4 { [%clk 0:09:03] } 13. Bb5 { [%clk 0:09:02] }
Qg5 { [%clk 0:09:01] } 14. Ba4 { [%clk 0:08:57] } Bh3 { [%clk 0:09:01] } 15. g3
{ [%clk 0:08:57] } Rfe8 { [%clk 0:08:30] } 16. Bxe8 { [%clk 0:08:48] } Rxe8 {
[%clk 0:08:28] } 17. c3 { [%clk 0:08:43] } Ne2+ { [%clk 0:08:29] } 18. Kh1 {
[%clk 0:08:30] } Qxd5+ { [%clk 0:08:30] } 19. f3 { [%clk 0:08:30] } Qxf3# {
[%clk 0:08:28] } 0-1

[Event "Королевский Гамбит. Южный Федеральный округ."]
[Date "2025-11-21"]
[Round "1.5"]
[Board "5"]
[White "Соколов-Добрев Сергей"]
[WhiteElo "1000"]
[Black "Замковой Артём"]
[BlackElo "1000"]
[WebSite "https://www.chessopen.ru"]
[GameId "ee90e14e-3bac-4f8b-8fe9-4ab45f232996"]
[Result "1-0"]

1. e4 { [%clk 0:09:59] } e5 { [%clk 0:10:00] } 2. Nc3 { [%clk 0:10:00] } Nf6 {
[%clk 0:10:00] } 3. Bc4 { [%clk 0:10:00] } Nc6 { [%clk 0:09:57] } 4. f4 { [%clk
0:10:02] } d5 { [%clk 0:09:39] } 5. exd5 { [%clk 0:10:01] } Nd4 { [%clk
0:09:29] } 6. fxe5 { [%clk 0:09:34] } b5 { [%clk 0:09:10] } 7. Nxb5 { [%clk
0:08:45] } Nxb5 { [%clk 0:09:06] } 8. Bxb5+ { [%clk 0:08:44] } Nd7 { [%clk
0:08:57] } 9. e6 { [%clk 0:08:39] } fxe6 { [%clk 0:08:58] } 10. dxe6 { [%clk
0:08:41] } Qh4+ { [%clk 0:08:41] } 11. g3 { [%clk 0:08:15] } Qe4+ { [%clk
0:08:36] } 12. Qe2 { [%clk 0:08:15] } Qxe2+ { [%clk 0:07:20] } 13. Nxe2 { [%clk
0:08:15] } Bd6 { [%clk 0:07:03] } 14. exd7+ { [%clk 0:08:15] } Bxd7 { [%clk
0:07:04] } 15. Bxd7+ { [%clk 0:08:13] } Kxd7 { [%clk 0:07:06] } 16. d4 { [%clk
0:07:57] } Rae8 { [%clk 0:06:53] } 17. Kd2 { [%clk 0:07:24] } Rhf8 { [%clk
0:06:42] } 18. b3 { [%clk 0:06:05] } Rf2 { [%clk 0:06:38] } 19. Re1 { [%clk
0:06:06] } Rxh2 { [%clk 0:06:37] } 20. Kd3 { [%clk 0:05:53] } Bxg3 { [%clk
0:06:14] } 21. Bf4 { [%clk 0:05:13] } Bxe1 { [%clk 0:05:07] } 22. Bxh2 { [%clk
0:05:07] } Bf2 { [%clk 0:04:54] } 23. Rf1 { [%clk 0:05:05] } Bh4 { [%clk
0:04:06] } 24. Rf7+ { [%clk 0:04:29] } Re7 { [%clk 0:03:37] } 25. Rxe7+ { [%clk
0:04:29] } Bxe7 { [%clk 0:03:35] } 26. Nf4 { [%clk 0:04:29] } Bd6 { [%clk
0:03:22] } 27. Bg3 { [%clk 0:04:30] } g5 { [%clk 0:03:14] } 28. Ne2 { [%clk
0:04:31] } Be7 { [%clk 0:03:04] } 29. c4 { [%clk 0:04:23] } h6 { [%clk 0:03:04]
} 30. Ke4 { [%clk 0:04:19] } Ke6 { [%clk 0:02:56] } 31. d5+ { [%clk 0:04:17] }
Kd7 { [%clk 0:02:50] } 32. Nd4 { [%clk 0:04:13] } a6 { [%clk 0:02:34] } 33. Kf5
{ [%clk 0:04:12] } Bd6 { [%clk 0:02:00] } 34. Bxd6 { [%clk 0:04:11] } Kxd6 {
[%clk 0:02:00] } 35. Kg6 { [%clk 0:04:13] } Kc5 { [%clk 0:02:02] } 36. Ne6+ {
[%clk 0:04:13] } Kb4 { [%clk 0:02:03] } 37. Nxc7 { [%clk 0:04:15] } a5 { [%clk
0:02:04] } 38. Kxh6 { [%clk 0:04:14] } Ka3 { [%clk 0:02:06] } 39. Kxg5 { [%clk
0:04:15] } Kxa2 { [%clk 0:02:08] } 40. d6 { [%clk 0:04:16] } Kxb3 { [%clk
0:02:09] } 41. d7 { [%clk 0:04:18] } a4 { [%clk 0:02:11] } 42. c5 { [%clk
0:04:09] } a3 { [%clk 0:02:13] } 43. d8=Q { [%clk 0:04:09] } Kb2 { [%clk
0:02:10] } 44. Qa8 { [%clk 0:04:10] } a2 { [%clk 0:02:11] } 45. c6 { [%clk
0:04:10] } a1=Q { [%clk 0:02:08] } 46. Qxa1+ { [%clk 0:04:11] } Kxa1 { [%clk
0:02:10] } 47. Nd5 { [%clk 0:04:13] } Kb2 { [%clk 0:02:11] } 48. c7 { [%clk
0:04:14] } Kc2 { [%clk 0:02:12] } 49. c8=Q+ { [%clk 0:04:15] } Kd3 { [%clk
0:02:13] } 50. Kf4 { [%clk 0:04:17] } Ke2 { [%clk 0:02:06] } 51. Qc2+ { [%clk
0:04:17] } Kf1 { [%clk 0:02:05] } 52. Kf3 { [%clk 0:04:19] } Ke1 { [%clk
0:02:06] } 53. Qe2# { [%clk 0:04:19] } 1-0

[Event "Королевский Гамбит. Южный Федеральный округ."]
[Date "2025-11-21"]
[Round "1.5"]
[Board "5"]
[White "Шашмурин Виталий"]
[WhiteElo "1000"]
[Black "Мещерин Егор"]
[BlackElo "1000"]
[WebSite "https://www.chessopen.ru"]
[GameId "2848f80e-c7e1-44e3-b1f1-066a05a93c3c"]
[Result "1-0"]

1. e4 { [%clk 0:09:58] } c5 { [%clk 0:10:00] } 2. Nf3 { [%clk 0:09:56] } Nc6 {
[%clk 0:10:00] } 3. d4 { [%clk 0:09:58] } d6 { [%clk 0:10:01] } 4. d5 { [%clk
0:09:52] } Nb4 { [%clk 0:09:57] } 5. c3 { [%clk 0:09:34] } Na6 { [%clk 0:09:54]
} 6. Bb5+ { [%clk 0:09:08] } Bd7 { [%clk 0:09:54] } 7. Qa4 { [%clk 0:08:59] }
Nc7 { [%clk 0:09:41] } 8. Bxd7+ { [%clk 0:08:56] } Qxd7 { [%clk 0:09:43] } 9.
Qxd7+ { [%clk 0:08:57] } Kxd7 { [%clk 0:09:44] } 10. O-O { [%clk 0:08:58] } Rd8
{ [%clk 0:09:44] } 11. Be3 { [%clk 0:08:56] } Nf6 { [%clk 0:09:44] } 12. Nbd2 {
[%clk 0:08:54] } g6 { [%clk 0:09:45] } 13. Ng5 { [%clk 0:08:48] } Ke8 { [%clk
0:09:37] } 14. Rfd1 { [%clk 0:08:15] } Bg7 { [%clk 0:09:31] } 15. h3 { [%clk
0:07:56] } h6 { [%clk 0:09:05] } 16. Ngf3 { [%clk 0:07:43] } g5 { [%clk
0:09:05] } 17. Kf1 { [%clk 0:07:38] } g4 { [%clk 0:09:03] } 18. hxg4 { [%clk
0:07:37] } Nxg4 { [%clk 0:09:04] } 19. Ke2 { [%clk 0:07:17] } Nxe3 { [%clk
0:09:01] } 20. Kxe3 { [%clk 0:07:18] } Kd7 { [%clk 0:09:03] } 21. Nc4 { [%clk
0:07:08] } h5 { [%clk 0:08:51] } 22. Rh1 { [%clk 0:05:58] } Bh6+ { [%clk
0:08:45] } 23. Ke2 { [%clk 0:05:50] } Bg7 { [%clk 0:08:45] } 24. Rad1 { [%clk
0:05:48] } Rdf8 { [%clk 0:08:39] } 25. e5 { [%clk 0:05:03] } e6 { [%clk
0:08:24] } 26. dxe6+ { [%clk 0:04:36] } fxe6 { [%clk 0:08:23] } 27. Nxd6 {
[%clk 0:04:29] } Kc6 { [%clk 0:08:06] } 28. Nc4 { [%clk 0:04:02] } b5 { [%clk
0:07:56] } 29. Rd6+ { [%clk 0:03:50] } Kb7 { [%clk 0:07:57] } 30. Na5+ { [%clk
0:03:47] } Kc8 { [%clk 0:07:43] } 31. b4 { [%clk 0:03:41] } c4 { [%clk 0:07:32]
} 32. Rh4 { [%clk 0:03:20] } Rf5 { [%clk 0:07:26] } 33. Nc6 { [%clk 0:03:16] }
Kb7 { [%clk 0:06:51] } 34. Ne7 { [%clk 0:02:50] } Bxe5 { [%clk 0:06:42] } 35.
Nxf5 { [%clk 0:02:48] } Bxd6 { [%clk 0:06:40] } 36. Nxd6+ { [%clk 0:02:48] }
Kc6 { [%clk 0:06:40] } 37. Nf7 { [%clk 0:02:45] } Rh7 { [%clk 0:06:34] } 38.
N7e5+ { [%clk 0:02:17] } Kd6 { [%clk 0:06:18] } 39. Rd4+ { [%clk 0:02:16] } Ke7
{ [%clk 0:06:17] } 40. Rd7+ { [%clk 0:02:17] } Kf6 { [%clk 0:06:18] } 41. Rxh7
{ [%clk 0:02:17] } Nd5 { [%clk 0:06:17] } 42. Rf7# { [%clk 0:02:12] } 1-0

[Event "Королевский Гамбит. Южный Федеральный округ."]
[Date "2025-11-21"]
[Round "1.6"]
[Board "6"]
[White "Бобчук Захар"]
[WhiteElo "1000"]
[Black "Безух Николай"]
[BlackElo "1000"]
[WebSite "https://www.chessopen.ru"]
[GameId "4e6808f2-a26b-4ae4-b069-2545476e3fb1"]
[Result "0-1"]

1. e4 { [%clk 0:09:55] } e5 { [%clk 0:10:01] } 2. Qh5 { [%clk 0:09:53] } Nf6 {
[%clk 0:09:59] } 3. Qxe5+ { [%clk 0:09:47] } Be7 { [%clk 0:09:55] } 4. Qc3 {
[%clk 0:09:27] } Nxe4 { [%clk 0:09:52] } 5. Qe3 { [%clk 0:09:25] } Nf6 { [%clk
0:09:52] } 6. Bc4 { [%clk 0:09:20] } O-O { [%clk 0:09:51] } 7. Qb3 { [%clk
0:09:18] } d5 { [%clk 0:09:47] } 8. Bxd5 { [%clk 0:09:15] } Nxd5 { [%clk
0:09:47] } 9. Qd3 { [%clk 0:09:10] } Nf4 { [%clk 0:09:34] } 10. Qf1 { [%clk
0:08:58] } Bg4 { [%clk 0:09:28] } 11. Qc4 { [%clk 0:08:52] } Bg5 { [%clk
0:09:14] } 12. Qf1 { [%clk 0:08:40] } Qe8+ { [%clk 0:08:53] } 13. Ne2 { [%clk
0:08:10] } Bxe2 { [%clk 0:08:52] } 14. g3 { [%clk 0:08:06] } Bxf1+ { [%clk
0:08:51] } 15. Kxf1 { [%clk 0:08:04] } Qe2+ { [%clk 0:08:51] } 16. Kg1 { [%clk
0:08:01] } Qe1# { [%clk 0:08:50] } 0-1

[Event "Королевский Гамбит. Южный Федеральный округ."]
[Date "2025-11-21"]
[Round "1.6"]
[Board "6"]
[White "Желтобрюхов ярослав"]
[WhiteElo "1000"]
[Black "Алёхин Кирилл"]
[BlackElo "1000"]
[WebSite "https://www.chessopen.ru"]
[GameId "aea4cf85-efe7-412f-b43e-b0e9f46d1f4f"]
[Result "0-1"]

1. e3 { [%clk 0:09:57] } e5 { [%clk 0:09:59] } 2. Qf3 { [%clk 0:09:54] } Nf6 {
[%clk 0:09:55] } 3. Nc3 { [%clk 0:09:52] } Nc6 { [%clk 0:09:55] } 4. Bb5 {
[%clk 0:09:47] } Bb4 { [%clk 0:09:51] } 5. Bxc6 { [%clk 0:09:45] } Bxc3 { [%clk
0:09:48] } 6. Bxb7 { [%clk 0:09:42] } Bxb7 { [%clk 0:09:46] } 7. Qxb7 { [%clk
0:09:40] } Rb8 { [%clk 0:09:45] } 8. Qxa7 { [%clk 0:09:40] } Bxb2 { [%clk
0:09:33] } 9. Bxb2 { [%clk 0:09:37] } Rxb2 { [%clk 0:09:33] } 10. O-O-O { [%clk
0:09:31] } Rb8 { [%clk 0:09:27] } 11. Nf3 { [%clk 0:09:26] } O-O { [%clk
0:09:25] } 12. Nxe5 { [%clk 0:09:23] } h6 { [%clk 0:09:18] } 13. Qa4 { [%clk
0:09:21] } d6 { [%clk 0:09:07] } 14. Nc6 { [%clk 0:09:20] } Qd7 { [%clk
0:09:05] } 15. Nxb8 { [%clk 0:09:21] } Qxa4 { [%clk 0:09:04] } 16. Rhe1 { [%clk
0:08:52] } Rxb8 { [%clk 0:09:03] } 17. c3 { [%clk 0:08:45] } Qxa2 { [%clk
0:08:48] } 18. d4 { [%clk 0:08:42] } Rb1# { [%clk 0:08:47] } 0-1

[Event "Королевский Гамбит. Южный Федеральный округ."]
[Date "2025-11-21"]
[Round "1.6"]
[Board "6"]
[White "Михаил Асрян"]
[WhiteElo "1000"]
[Black "Сорокина София"]
[BlackElo "1000"]
[WebSite "https://www.chessopen.ru"]
[GameId "0b85b55f-ef04-41d3-b374-73acf975cdbe"]
[Result "0-1"]

1. e4 { [%clk 0:09:57] } d5 { [%clk 0:10:00] } 2. Nc3 { [%clk 0:09:36] } Nf6 {
[%clk 0:09:54] } 3. Nf3 { [%clk 0:09:34] } dxe4 { [%clk 0:09:53] } 4. Bb5+ {
[%clk 0:09:28] } c6 { [%clk 0:09:52] } 5. Bc4 { [%clk 0:09:28] } exf3 { [%clk
0:09:53] } 6. gxf3 { [%clk 0:09:27] } Nbd7 { [%clk 0:09:50] } 7. d4 { [%clk
0:09:21] } Nb6 { [%clk 0:09:49] } 8. Bb3 { [%clk 0:09:18] } Bf5 { [%clk
0:09:42] } 9. Bf4 { [%clk 0:08:43] } e6 { [%clk 0:09:36] } 10. Qe2 { [%clk
0:08:18] } Bb4 { [%clk 0:09:35] } 11. Qe5 { [%clk 0:07:42] } O-O { [%clk
0:09:28] } 12. Rg1 { [%clk 0:07:19] } g6 { [%clk 0:08:53] } 13. Bh6 { [%clk
0:06:35] } Nbd5 { [%clk 0:08:48] } 14. O-O-O { [%clk 0:06:01] } Nxc3 { [%clk
0:08:43] } 15. bxc3 { [%clk 0:06:01] } Bxc3 { [%clk 0:08:40] } 16. Bxf8 { [%clk
0:05:44] } Qxf8 { [%clk 0:08:32] } 17. Qxf6 { [%clk 0:05:31] } Qa3+ { [%clk
0:08:32] } 18. Kb1 { [%clk 0:05:09] } Qb2# { [%clk 0:08:31] } 0-1

[Event "Королевский Гамбит. Южный Федеральный округ."]
[Date "2025-11-21"]
[Round "1.6"]
[Board "6"]
[White "Уманцев Дмитрий"]
[WhiteElo "1000"]
[Black "Муцольгов Мухаммад"]
[BlackElo "971"]
[WebSite "https://www.chessopen.ru"]
[GameId "cde8a412-2e90-47b5-a5cc-bac259a2a119"]
[Result "1-0"]

1. e4 { [%clk 0:10:00] } e5 { [%clk 0:09:59] } 2. Nf3 { [%clk 0:10:00] } Nc6 {
[%clk 0:09:59] } 3. d4 { [%clk 0:10:01] } f6 { [%clk 0:09:27] } 4. d5 { [%clk
0:09:46] } Nd4 { [%clk 0:09:03] } 5. Nxd4 { [%clk 0:09:44] } exd4 { [%clk
0:09:02] } 6. Qxd4 { [%clk 0:09:43] } d6 { [%clk 0:08:52] } 7. Nc3 { [%clk
0:09:39] } c5 { [%clk 0:08:17] } 8. dxc6 { [%clk 0:09:36] } bxc6 { [%clk
0:07:47] } 9. Bd3 { [%clk 0:09:27] } g6 { [%clk 0:07:25] } 10. Bd2 { [%clk
0:09:11] } f5 { [%clk 0:06:44] } 11. exf5 { [%clk 0:09:01] } gxf5 { [%clk
0:06:44] } 12. Qxh8 { [%clk 0:08:58] } Nf6 { [%clk 0:06:10] } 13. O-O { [%clk
0:08:34] } Qd7 { [%clk 0:05:19] } 14. Rfe1+ { [%clk 0:08:27] } Kd8 { [%clk
0:05:09] } 15. Qxf8+ { [%clk 0:08:22] } Kc7 { [%clk 0:05:05] } 16. Re7 { [%clk
0:08:21] } Kb7 { [%clk 0:04:19] } 17. Rxd7+ { [%clk 0:08:16] } Bxd7 { [%clk
0:04:18] } 18. Qxf6 { [%clk 0:08:17] } Re8 { [%clk 0:04:01] } 19. Re1 { [%clk
0:08:16] } Rg8 { [%clk 0:03:35] } 20. Re7 { [%clk 0:08:13] } Kc7 { [%clk
0:03:32] } 21. Rxd7+ { [%clk 0:08:01] } Kxd7 { [%clk 0:03:32] } 22. Qf7+ {
[%clk 0:07:58] } Kc8 { [%clk 0:03:26] } 23. Bxf5+ { [%clk 0:07:58] } Kb8 {
[%clk 0:02:59] } 24. Qxg8+ { [%clk 0:07:56] } Kb7 { [%clk 0:02:58] } 25. Qf7+ {
[%clk 0:07:53] } Kb6 { [%clk 0:03:00] } 26. Na4+ { [%clk 0:07:53] } Kb5 { [%clk
0:03:01] } 27. Qb3+ { [%clk 0:07:54] } Ka6 { [%clk 0:03:01] } 28. Bd3# { [%clk
0:07:54] } 1-0

[Event "Королевский Гамбит. Южный Федеральный округ."]
[Date "2025-11-21"]
[Round "1.6"]
[Board "6"]
[White "Щеблыкина Мария"]
[WhiteElo "1000"]
[Black "Пилипчук Юля"]
[BlackElo "1000"]
[WebSite "https://www.chessopen.ru"]
[GameId "e0efd592-adeb-47dc-b7f6-763734555ab8"]
[Result "1-0"]

1. e4 { [%clk 0:09:58] } e5 { [%clk 0:06:17] } 2. Nf3 { [%clk 0:09:55] } Nc6 {
[%clk 0:06:17] } 3. Bc4 { [%clk 0:09:54] } Nf6 { [%clk 0:06:17] } 4. Nc3 {
[%clk 0:09:52] } Nxe4 { [%clk 0:06:12] } 5. Nxe4 { [%clk 0:09:50] } d5 { [%clk
0:06:13] } 6. Bxd5 { [%clk 0:09:36] } Qxd5 { [%clk 0:06:12] } 7. Qe2 { [%clk
0:09:23] } Be7 { [%clk 0:06:06] } 8. c4 { [%clk 0:09:20] } Qd8 { [%clk 0:06:03]
} 9. O-O { [%clk 0:09:19] } O-O { [%clk 0:06:03] } 10. h3 { [%clk 0:09:15] }
Bf5 { [%clk 0:05:54] } 11. d3 { [%clk 0:09:07] } Nd4 { [%clk 0:05:38] } 12. Bg5
{ [%clk 0:08:52] } Nxe2+ { [%clk 0:05:34] } 13. Kh1 { [%clk 0:08:49] } Qd7 {
[%clk 0:05:19] } 14. Rfe1 { [%clk 0:08:33] } Nd4 { [%clk 0:05:16] } 15. Nxd4 {
[%clk 0:08:26] } exd4 { [%clk 0:05:15] } 16. Nc5 { [%clk 0:08:16] } Bxc5 {
[%clk 0:04:45] } 17. Re5 { [%clk 0:08:14] } Bd6 { [%clk 0:03:56] } 18. Rd5 {
[%clk 0:07:56] } c6 { [%clk 0:03:53] } 19. Rxd4 { [%clk 0:07:56] } Qe6 { [%clk
0:03:51] } 20. Bf4 { [%clk 0:07:10] } Bxf4 { [%clk 0:03:35] } 21. Rxf4 { [%clk
0:07:10] } Rad8 { [%clk 0:03:31] } 22. Rf3 { [%clk 0:07:08] } Bxd3 { [%clk
0:03:28] } 23. Rd1 { [%clk 0:07:03] } Bxc4 { [%clk 0:03:26] } 24. b3 { [%clk
0:07:03] } Be2 { [%clk 0:03:26] } 25. Rxd8 { [%clk 0:07:02] } Rxd8 { [%clk
0:03:25] } 26. Re3 { [%clk 0:07:02] } Qe7 { [%clk 0:03:07] } 27. Rxe7 { [%clk
0:06:48] } Rb8 { [%clk 0:02:50] } 28. Rxe2 { [%clk 0:06:47] } b5 { [%clk
0:02:49] } 29. g4 { [%clk 0:06:42] } a5 { [%clk 0:02:48] } 30. a3 { [%clk
0:06:39] } a4 { [%clk 0:02:42] } 31. bxa4 { [%clk 0:06:38] } bxa4 { [%clk
0:02:43] } 32. f4 { [%clk 0:06:35] } Rb1+ { [%clk 0:02:40] } 33. Kh2 { [%clk
0:06:33] } Ra1 { [%clk 0:02:39] } 34. Re8# { [%clk 0:06:32] } 1-0

[Event "Королевский Гамбит. Южный Федеральный округ."]
[Date "2025-11-21"]
[Round "1.7"]
[Board "7"]
[White "Алёхина Дарья"]
[WhiteElo "1000"]
[Black "Саганов Алексей"]
[BlackElo "1000"]
[WebSite "https://www.chessopen.ru"]
[GameId "ed09d255-9429-4bb9-88ab-e6714f3ccdc5"]
[Result "1-0"]

1. e4 { [%clk 0:09:58] } e5 { [%clk 0:09:58] } 2. Nf3 { [%clk 0:09:56] } Nc6 {
[%clk 0:09:56] } 3. Bb5 { [%clk 0:09:53] } a6 { [%clk 0:09:53] } 4. Bxc6 {
[%clk 0:09:51] } bxc6 { [%clk 0:09:52] } 5. Nxe5 { [%clk 0:09:53] } Nf6 { [%clk
0:09:46] } 6. Nc3 { [%clk 0:09:50] } d5 { [%clk 0:09:36] } 7. exd5 { [%clk
0:09:46] } cxd5 { [%clk 0:09:36] } 8. O-O { [%clk 0:09:45] } d4 { [%clk
0:09:21] } 9. Ne2 { [%clk 0:09:43] } Bd6 { [%clk 0:09:16] } 10. Nd3 { [%clk
0:09:40] } O-O { [%clk 0:09:16] } 11. h3 { [%clk 0:09:41] } Ne4 { [%clk
0:09:04] } 12. b3 { [%clk 0:09:31] } Qf6 { [%clk 0:08:39] } 13. Ng3 { [%clk
0:09:05] } Bxg3 { [%clk 0:08:27] } 14. fxg3 { [%clk 0:09:00] } Nxg3 { [%clk
0:08:24] } 15. Rxf6 { [%clk 0:08:57] } gxf6 { [%clk 0:08:16] } 16. Qf3 { [%clk
0:08:30] } Nf5 { [%clk 0:08:04] } 17. Qxa8 { [%clk 0:08:26] } Nd6 { [%clk
0:07:38] } 18. Qf3 { [%clk 0:08:10] } Bf5 { [%clk 0:07:27] } 19. Qg3+ { [%clk
0:07:48] } Kh8 { [%clk 0:06:50] } 20. Nc5 { [%clk 0:07:34] } Ne4 { [%clk
0:06:29] } 21. Nxe4 { [%clk 0:07:30] } Bxe4 { [%clk 0:06:27] } 22. Qxc7 { [%clk
0:07:25] } Bxc2 { [%clk 0:06:24] } 23. Qxc2 { [%clk 0:07:21] } Rc8 { [%clk
0:06:24] } 24. Qxc8+ { [%clk 0:07:18] } 1-0